[Event "Torneig Internacional Platja de Muro"]
[Site "Platja de Muro ESP"]
[Date "2005.10.13"]
[Round "5.4"]
[White "Pogorelov, Ruslan"]
[Black "Fernandez Romero, Ernesto"]
[Result "1/2-1/2"]
[WhiteElo "2439"]
[BlackElo "2442"]
[PlyCount "149"]
[EventDate "2005.10.10"]
[EventType "tourn"]
[EventRounds "9"]
[EventCountry "ESP"]
[EventCategory "9"]
[Source "lmi"]
[SourceDate "2005.10.16"]

1. Nf3 g6 2. c4 Bg7 3. d4 Nf6 4. Nc3 d5 5. cxd5 Nxd5 6. e4 Nxc3 7. bxc3 c5 8.
Rb1 O-O 9. Be2 Qa5 10. O-O Qxc3 11. Bd2 Qa3 12. Qc2 Bd7 13. Rxb7 Bc6 14. Rb3
Ba4 15. Rxa3 Bxc2 16. Rc1 Bxe4 17. Rxc5 Nc6 18. d5 Bxf3 19. Bxf3 Nd4 20. Be4
Rab8 21. Kf1 Nb5 22. Ra4 Nd6 23. Bd3 Rb7 24. Be3 Nc8 25. Rc1 Nb6 26. Bxb6 axb6
27. Bb5 Rfb8 28. Bc6 b5 29. Rb4 Ra7 30. Rc2 Ra5 31. Re4 Bf6 32. g3 b4 33. h4
Kg7 34. Kg2 h5 35. Kf1 Rb6 36. Kg2 Ra7 37. Kf1 Bc3 38. Kg2 Rba6 39. Ree2 Ra5
40. Kf3 Bd4 41. Kg2 Bc5 42. Kf1 Bd6 43. Kg2 Ra3 44. Bb5 b3 45. axb3 Rxb3 46.
Rb2 Rba3 47. Bc6 Ra1 48. Rb3 Rc1 49. Rbb2 Raa1 50. Ra2 Rg1+ 51. Kf3 Raf1 52.
Ke4 Rg2 53. Rac2 Rh2 54. Kd3 f6 55. Bd7 Rd1+ 56. Rcd2 Ra1 57. Rc2 Rd1+ 58. Rcd2
Rxd2+ 59. Kxd2 Bc5 60. f3 Rh1 61. Rg2 g5 62. Be6 Bd6 63. Kd3 Rd1+ 64. Kc4 Kh6
65. f4 Rf1 66. fxg5+ fxg5 67. hxg5+ Kxg5 68. Kd4 Rf3 69. Ke4 Ra3 70. Rf2 Ra4+
71. Kf3 Bc5 72. Rf1 Ra3+ 73. Kg2 Bd6 74. Rf5+ Kg6 75. Rf3 1/2-1/2

[Event "Torneig Internacional Platja de Muro"]
[Site "Platja de Muro ESP"]
[Date "2005.10.13"]
[Round "5.5"]
[White "Thiede, Lars"]
[Black "Perez, Rodney"]
[Result "1/2-1/2"]
[WhiteElo "2417"]
[BlackElo "2450"]
[PlyCount "100"]
[EventDate "2005.10.10"]
[EventType "tourn"]
[EventRounds "9"]
[EventCountry "ESP"]
[EventCategory "9"]
[Source "lmi"]
[SourceDate "2005.10.16"]

1. g3 d5 2. c4 e6 3. Nf3 Nf6 4. Bg2 Be7 5. O-O O-O 6. b3 b6 7. Bb2 Bb7 8. e3 c5
9. Qe2 Nc6 10. Nc3 Ne4 11. Rfd1 Bf6 12. d4 Nxc3 13. Bxc3 Rc8 14. Rac1 cxd4 15.
Nxd4 Nxd4 16. Bxd4 Bxd4 17. Rxd4 Qc7 18. Rcd1 Ba6 19. Qb2 dxc4 20. Qa3 Bb5 21.
bxc4 Bxc4 22. Rd7 Qc5 23. Qxa7 Be2 24. Rb1 b5 25. Qa5 Qc2 26. Re1 Bd3 27. a3 h6
28. h4 Rc3 29. Bf3 Qb2 30. Rd8 Rxd8 31. Qxd8+ Kh7 32. Rd1 Be2 33. Bxe2 Qxe2 34.
Rf1 Rxa3 35. Qe7 Rd3 36. Qxf7 Rd1 37. Rxd1 Qxd1+ 38. Kh2 Qd5 39. Qe7 Qc4 40. h5
b4 41. Qe8 Qc2 42. Qxe6 b3 43. Kg2 b2 44. e4 Qc5 45. Qg6+ Kg8 46. Qe8+ Qf8 47.
Qb5 Qa3 48. Qe8+ Kh7 49. Qg6+ Kh8 50. Qe8+ Kh7 1/2-1/2

[Event "Torneig Internacional Platja de Muro"]
[Site "Platja de Muro ESP"]
[Date "2005.10.14"]
[Round "6.1"]
[White "Mirzoev, Azer"]
[Black "Perez, Rodney"]
[Result "1/2-1/2"]
[WhiteElo "2520"]
[BlackElo "2450"]
[PlyCount "20"]
[EventDate "2005.10.10"]
[EventType "tourn"]
[EventRounds "9"]
[EventCountry "ESP"]
[EventCategory "9"]
[Source "lmi"]
[SourceDate "2005.10.16"]

1. d4 d5 2. c4 c6 3. Nf3 Nf6 4. Nc3 a6 5. cxd5 cxd5 6. Bf4 Nc6 7. e3 Bg4 8. h3
Bxf3 9. Qxf3 e6 10. Bd3 Bd6 1/2-1/2

[Event "Torneig Internacional Platja de Muro"]
[Site "Platja de Muro ESP"]
[Date "2005.10.14"]
[Round "6.3"]
[White "Mascaro March, Pedro"]
[Black "Pogorelov, Ruslan"]
[Result "1/2-1/2"]
[WhiteElo "2405"]
[BlackElo "2439"]
[PlyCount "99"]
[EventDate "2005.10.10"]
[EventType "tourn"]
[EventRounds "9"]
[EventCountry "ESP"]
[EventCategory "9"]
[Source "lmi"]
[SourceDate "2005.10.16"]

1. d4 Nf6 2. c4 e6 3. g3 Bb4+ 4. Bd2 Be7 5. Bg2 d5 6. Nf3 O-O 7. O-O c6 8. Bf4
Nbd7 9. Nc3 b6 10. Qa4 Bb7 11. Rfd1 a6 12. Ne5 b5 13. cxb5 cxb5 14. Qb3 Qb6 15.
a4 bxa4 16. Qa2 Nxe5 17. Nxa4 Nf3+ 18. Bxf3 Qb4 19. Rd3 Bc6 20. Rb3 Qxa4 21.
Qxa4 Bxa4 22. Rxa4 a5 23. Bd2 Rab8 24. Rxb8 Rxb8 25. Rxa5 Rxb2 26. Ra8+ Bf8 27.
Bf4 Rb6 28. Rd8 h6 29. Bc7 Ra6 30. Be5 Nh7 31. h4 f6 32. Bf4 g5 33. Bd2 Rd6 34.
Ra8 Rd7 35. Kg2 Kg7 36. Bh5 Bd6 37. Ra6 Nf8 38. Be8 Re7 39. Ba4 Bb8 40. Bc2 Rb7
41. Bd3 Ba7 42. e3 Bb8 43. Bc1 Ra7 44. hxg5 hxg5 45. Rb6 Bc7 46. Rc6 Bb8 47.
Bd2 Rb7 48. e4 dxe4 49. Bxe4 Rd7 50. Bb4 1/2-1/2

[Event "Torneig Internacional Platja de Muro"]
[Site "Platja de Muro ESP"]
[Date "2005.10.14"]
[Round "6.4"]
[White "Herraiz Hidalgo, Herminio"]
[Black "Ubilava, Elizbar"]
[Result "1/2-1/2"]
[WhiteElo "2487"]
[BlackElo "2525"]
[PlyCount "21"]
[EventDate "2005.10.10"]
[EventType "tourn"]
[EventRounds "9"]
[EventCountry "ESP"]
[EventCategory "9"]
[Source "lmi"]
[SourceDate "2005.10.16"]

1. d4 Nf6 2. c4 e6 3. Nc3 Bb4 4. Qc2 O-O 5. e4 c5 6. a3 Bxc3+ 7. bxc3 d6 8. e5
Nfd7 9. exd6 e5 10. Nf3 exd4 11. Be2 1/2-1/2

[Event "Torneig Internacional Platja de Muro"]
[Site "Platja de Muro ESP"]
[Date "2005.10.14"]
[Round "7.1"]
[White "Rodriguez Guerrero, Enrique"]
[Black "Mirzoev, Azer"]
[Result "1/2-1/2"]
[WhiteElo "2442"]
[BlackElo "2520"]
[PlyCount "33"]
[EventDate "2005.10.10"]
[EventType "tourn"]
[EventRounds "9"]
[EventCountry "ESP"]
[EventCategory "9"]
[Source "lmi"]
[SourceDate "2005.10.16"]

1. e4 e5 2. Nf3 Nf6 3. Nxe5 d6 4. Nf3 Nxe4 5. Qe2 Qe7 6. d3 Nf6 7. Nc3 Qxe2+ 8.
Bxe2 Be7 9. Nd4 O-O 10. Bf3 Nbd7 11. g3 Ne5 12. Bg2 c6 13. O-O Re8 14. Re1 Bd7
15. Bd2 h6 16. h3 Bd8 17. Kh2 1/2-1/2

[Event "Torneig Internacional Platja de Muro"]
[Site "Platja de Muro ESP"]
[Date "2005.10.14"]
[Round "7.3"]
[White "Pogorelov, Ruslan"]
[Black "Herraiz Hidalgo, Herminio"]
[Result "1/2-1/2"]
[WhiteElo "2439"]
[BlackElo "2478"]
[PlyCount "36"]
[EventDate "2005.10.10"]
[EventType "tourn"]
[EventRounds "9"]
[EventCountry "ESP"]
[EventCategory "9"]
[Source "lmi"]
[SourceDate "2005.10.16"]

1. d4 f5 2. g3 Nf6 3. Bg2 g6 4. Nf3 Bg7 5. O-O O-O 6. b3 d6 7. Bb2 Qe8 8. c4
Na6 9. Nbd2 Rb8 10. Qc2 b5 11. Ne1 c5 12. dxc5 Nxc5 13. Nd3 Nce4 14. Nxe4 fxe4
15. Nf4 Bf5 16. e3 bxc4 17. Qxc4+ Qf7 18. Qxf7+ Kxf7 1/2-1/2

[Event "Torneig Internacional Platja de Muro"]
[Site "Platja de Muro ESP"]
[Date "2005.10.14"]
[Round "7.4"]
[White "Thiede, Lars"]
[Black "Mascaro March, Pedro"]
[Result "1-0"]
[WhiteElo "2417"]
[BlackElo "2405"]
[PlyCount "67"]
[EventDate "2005.10.10"]
[EventType "tourn"]
[EventRounds "9"]
[EventCountry "ESP"]
[EventCategory "9"]
[Source "lmi"]
[SourceDate "2005.10.16"]

1. g3 d5 2. c4 c6 3. Bg2 Nf6 4. Nf3 dxc4 5. Qc2 b5 6. a4 Bb7 7. b3 cxb3 8. Qxb3
Qd5 9. Qb2 a6 10. O-O e6 11. Ne5 Qd8 12. d4 Bd6 13. Nc3 Nd5 14. Ne4 O-O 15. Bd2
Be7 16. Rfc1 f6 17. Nd3 Nd7 18. Nf4 Nxf4 19. gxf4 f5 20. Ng5 Bxg5 21. fxg5 f4
22. h4 Qe8 23. Bb4 Rf7 24. axb5 axb5 25. Bxc6 Bxc6 26. Rxc6 Nf8 27. Rxa8 Qxa8
28. Qc3 Qa2 29. Qd3 f3 30. exf3 Qd5 31. Rc5 Qa8 32. Qe4 Qa4 33. d5 e5 34. Rc8
1-0

[Event "Torneig Internacional Platja de Muro"]
[Site "Platja de Muro ESP"]
[Date "2005.10.14"]
[Round "7.5"]
[White "Perez, Rodney"]
[Black "Fernandez Romero, Ernesto"]
[Result "1/2-1/2"]
[WhiteElo "2450"]
[BlackElo "2442"]
[PlyCount "22"]
[EventDate "2005.10.10"]
[EventType "tourn"]
[EventRounds "9"]
[EventCountry "ESP"]
[EventCategory "9"]
[Source "lmi"]
[SourceDate "2005.10.16"]

1. e4 c5 2. Nc3 Nc6 3. Nf3 d6 4. d4 cxd4 5. Nxd4 Nf6 6. Be2 Nxd4 7. Qxd4 g6 8.
e5 dxe5 9. Bb5+ Bd7 10. Qxe5 Bg7 11. Bxd7+ Qxd7 1/2-1/2

[Event "Torneig Internacional Platja de Muro"]
[Site "Platja de Muro ESP"]
[Date "2005.10.15"]
[Round "8.2"]
[White "Mascaro March, Pedro"]
[Black "Perez, Rodney"]
[Result "1/2-1/2"]
[WhiteElo "2405"]
[BlackElo "2450"]
[PlyCount "28"]
[EventDate "2005.10.10"]
[EventType "tourn"]
[EventRounds "9"]
[EventCountry "ESP"]
[EventCategory "9"]
[Source "lmi"]
[SourceDate "2005.10.16"]

1. d4 d5 2. c4 Bf5 3. Nc3 e6 4. cxd5 exd5 5. Nf3 c6 6. Bg5 Be7 7. Bxe7 Nxe7 8.
e3 Nd7 9. Bd3 O-O 10. O-O Re8 11. Rc1 Nf6 12. Ne5 Bxd3 13. Qxd3 Ng6 14. Nxg6
hxg6 1/2-1/2

[Event "Torneig Internacional Platja de Muro"]
[Site "Platja de Muro ESP"]
[Date "2005.10.15"]
[Round "8.4"]
[White "Perez Candelario, Manuel"]
[Black "Pogorelov, Ruslan"]
[Result "1/2-1/2"]
[WhiteElo "2522"]
[BlackElo "2439"]
[PlyCount "43"]
[EventDate "2005.10.10"]
[EventType "tourn"]
[EventRounds "9"]
[EventCountry "ESP"]
[EventCategory "9"]
[Source "lmi"]
[SourceDate "2005.10.16"]

1. e4 c6 2. d4 d5 3. Nd2 dxe4 4. Nxe4 Bf5 5. Ng3 Bg6 6. h4 h6 7. Nf3 Nd7 8. h5
Bh7 9. Bd3 Bxd3 10. Qxd3 e6 11. Bf4 Qa5+ 12. Bd2 Qc7 13. O-O-O Ngf6 14. Ne4
O-O-O 15. g3 Nxe4 16. Qxe4 Bd6 17. c4 Nf6 18. Qe2 c5 19. Bc3 cxd4 20. Nxd4 a6
21. Nf3 Qc6 22. Rh4 1/2-1/2

[Event "Torneig Internacional Platja de Muro"]
[Site "Platja de Muro ESP"]
[Date "2005.10.15"]
[Round "8.5"]
[White "Rodriguez Guerrero, Enrique"]
[Black "Ubilava, Elizbar"]
[Result "0-1"]
[WhiteElo "2464"]
[BlackElo "2525"]
[PlyCount "134"]
[EventDate "2005.10.10"]
[EventType "tourn"]
[EventRounds "9"]
[EventCountry "ESP"]
[EventCategory "9"]
[Source "lmi"]
[SourceDate "2005.10.16"]

1. e4 e6 2. d4 d5 3. Nc3 dxe4 4. Nxe4 Nd7 5. Nf3 Ngf6 6. Nxf6+ Nxf6 7. c3 c5 8.
Ne5 a6 9. Bg5 Be7 10. dxc5 Qxd1+ 11. Rxd1 Bxc5 12. Be2 Nd7 13. Bh5 g6 14. Bf3
Ra7 15. b4 Be7 16. Be3 Nxe5 17. Bxa7 Nxf3+ 18. gxf3 Bd7 19. Bd4 f6 20. f4 Bb5
21. Kd2 Kf7 22. Kc1 a5 23. a3 a4 24. Kb2 Rc8 25. Be3 Bc6 26. Rhe1 b5 27. Rd4 f5
28. Rd2 h6 29. Bd4 g5 30. Be5 Bd5 31. Red1 Bb3 32. Re1 Bd5 33. Rd4 Rg8 34. Rg1
Rd8 35. Rgd1 Kf8 36. R4d3 Kf7 37. Rd4 Kg6 38. R4d3 g4 39. R1d2 h5 40. Rd4 Bh4
41. c4 bxc4 42. Kc3 Be7 43. b5 Bxa3 44. b6 Bd6 45. Rxc4 Bxc4 46. Bxd6 Ba6 47.
Bc7 Rxd2 48. Kxd2 Kf7 49. Kc3 Ke8 50. Kb4 Kd7 51. Kc5 a3 52. Be5 h4 53. Bf6 a2
54. Be5 Bb7 55. Bf6 Be4 56. Be5 Kc8 57. Bd4 Kb7 58. Kb5 Bd3+ 59. Ka5 Kc6 60.
Bf6 Be4 61. Ka6 Kc5 62. b7 Bxb7+ 63. Kxb7 Kd5 64. Kc7 Ke4 65. Kd6 Kf3 66. Kxe6
Kxf2 67. Kxf5 g3 0-1

[Event "Torneig Internacional Platja de Muro"]
[Site "Platja de Muro ESP"]
[Date "2005.10.16"]
[Round "9.1"]
[White "Ubilava, Elizbar"]
[Black "Mirzoev, Azer"]
[Result "1/2-1/2"]
[WhiteElo "2525"]
[BlackElo "2520"]
[PlyCount "27"]
[EventDate "2005.10.10"]
[EventType "tourn"]
[EventRounds "9"]
[EventCountry "ESP"]
[EventCategory "9"]
[Source "lmi"]
[SourceDate "2005.10.16"]

1. d4 d5 2. c4 e6 3. Nc3 Nf6 4. Nf3 Nbd7 5. e3 Be7 6. Bd3 O-O 7. O-O dxc4 8.
Bxc4 c5 9. a3 cxd4 10. Qxd4 Nb6 11. Ba2 Qxd4 12. Nxd4 Bd7 13. e4 Na4 14. e5
1/2-1/2

[Event "Torneig Internacional Platja de Muro"]
[Site "Platja de Muro ESP"]
[Date "2005.10.16"]
[Round "9.3"]
[White "Thiede, Lars"]
[Black "Perez Candelario, Manuel"]
[Result "1-0"]
[WhiteElo "2417"]
[BlackElo "2522"]
[PlyCount "89"]
[EventDate "2005.10.10"]
[EventType "tourn"]
[EventRounds "9"]
[EventCountry "ESP"]
[EventCategory "9"]
[Source "lmi"]
[SourceDate "2005.10.16"]

1. g3 d5 2. Bg2 Nf6 3. d3 c6 4. b3 e5 5. Bb2 Bd6 6. Nf3 Nbd7 7. O-O O-O 8. Nh4
Re8 9. e4 Nc5 10. Re1 Bc7 11. exd5 Nxd5 12. Nd2 f6 13. d4 exd4 14. Rxe8+ Qxe8
15. Bxd4 Ne6 16. Bb2 Ng5 17. Qf1 Qf7 18. c4 Ne7 19. f4 Ne6 20. Ne4 f5 21. Nf2
Ng6 22. Nf3 a5 23. Nd3 Qf8 24. Qf2 Bd6 25. Rd1 a4 26. b4 Bxb4 27. Nxb4 Qxb4 28.
h4 a3 29. Ba1 Ngf8 30. Qe2 Ra4 31. Ne5 Qb6+ 32. Kh2 Rb4 33. Qd3 Nc5 34. Qd6
Nce6 35. Qe7 Rb2 36. Bxb2 axb2 37. Rb1 c5 38. Qf7+ Kh8 39. Nd3 Qd8 40. Bd5 Bd7
41. Nxc5 Qa5 42. Nxe6 Qd2+ 43. Kh3 Nxe6 44. Bxe6 Bxe6 45. Qxe6 1-0

[Event "Torneig Internacional Platja de Muro"]
[Site "Platja de Muro ESP"]
[Date "2005.10.16"]
[Round "9.4"]
[White "Perez, Rodney"]
[Black "Herraiz Hidalgo, Herminio"]
[Result "1/2-1/2"]
[WhiteElo "2450"]
[BlackElo "2478"]
[PlyCount "20"]
[EventDate "2005.10.10"]
[EventType "tourn"]
[EventRounds "9"]
[EventCountry "ESP"]
[EventCategory "9"]
[Source "lmi"]
[SourceDate "2005.10.16"]

1. e4 e6 2. d4 d5 3. Nc3 Nf6 4. Bg5 dxe4 5. Nxe4 Nbd7 6. Nxf6+ Nxf6 7. Nf3 h6
8. Bxf6 Qxf6 9. Bb5+ c6 10. Bd3 Bd6 1/2-1/2

[Event "Torneig Internacional Platja de Muro"]
[Site "Platja de Muro ESP"]
[Date "2005.10.16"]
[Round "9.5"]
[White "Fernandez Romero, Ernesto"]
[Black "Mascaro March, Pedro"]
[Result "1-0"]
[WhiteElo "2442"]
[BlackElo "2405"]
[PlyCount "73"]
[EventDate "2005.10.10"]
[EventType "tourn"]
[EventRounds "9"]
[EventCountry "ESP"]
[EventCategory "9"]
[Source "lmi"]
[SourceDate "2005.10.16"]

1. e4 Nc6 2. Nf3 d6 3. d4 Nf6 4. Nc3 Bg4 5. Be3 e6 6. h3 Bh5 7. d5 Ne7 8. Bb5+
c6 9. dxc6 bxc6 10. Ba4 Qc7 11. Qe2 Bxf3 12. Qxf3 Nd7 13. O-O Ng6 14. Qe2 Nb6
15. Bb3 Be7 16. f4 O-O 17. Kh1 d5 18. f5 exf5 19. exd5 Nxd5 20. Nxd5 cxd5 21.
Rxf5 Rae8 22. Qd2 Bf6 23. Bd4 Bxd4 24. Qxd4 Qg3 25. Rf3 Qg5 26. Qxd5 Re5 27.
Qc4 Nh4 28. Rf2 Nf5 29. Qf4 Qe7 30. c3 g5 31. Qf3 h5 32. Bc2 g4 33. Qf4 Re1+
34. Rf1 Rxa1 35. Rxa1 Ne3 36. Re1 Nxg2 37. Kxg2 1-0